00553nam a22001697a 450000500170000001000130001702000100003003500130004003700160005308200110006910000250008024500760010524600580018126000680023927000560030730000200036320200206153143.0 aA-213140 c50.00 aA-213140 bCen Lib/Ret a847.08 aعبد الغفور  aطنزی و مزہ کا تنقیدی جایزہ /cعبد الغفور  aTanzi-O-Mizah Ka Tanqeed Jayezah /bby Abdul Ghafoor  aنیی دہلی bماڈرن پبلشنگ ہاؤس c1983 ء a9, گولہ مارکیٹ bنیی دہلی e110002 a256p.c21cm(Hb)